Globalizačné vplyvy na rozvoj ľudských zdrojov

Trendy procesných premien v manažmente. Transformačné premeny v oblasti rozvoja ľudských zdrojov. Problémy stredoeurópskych tranzitívnych ekonomík v oblasti rozvoja ľudských zdrojov a zamestnanosti. Vplyv globalizácie na podnikovú sféru.

Gespeichert in:
Bibliographische Detailangaben
1. Verfasser: Tuma, Miroslav
Format: Buchkapitel
Sprache:Slowakisch
Schlagworte:
Tags: Tag hinzufügen
Keine Tags, Fügen Sie das erste Tag hinzu!

MARC

LEADER 00000naa a2200000 4500
001 r045325
005 20231003082509.1
041 0 |a slo 
044 |a SK 
245 1 0 |a Globalizačné vplyvy na rozvoj ľudských zdrojov  |c Miroslav Tuma 
520 |a Trendy procesných premien v manažmente. Transformačné premeny v oblasti rozvoja ľudských zdrojov. Problémy stredoeurópskych tranzitívnych ekonomík v oblasti rozvoja ľudských zdrojov a zamestnanosti. Vplyv globalizácie na podnikovú sféru. 
610 2 0 |a zdroje ľudské 
610 2 0 |a globalizácia 
610 2 0 |a rozvoj pracovníkov 
610 2 0 |a manažment 
610 2 0 |a podnikanie 
610 2 0 |a zamestnanosť 
100 1 |a Tuma, Miroslav